00477nam a2200169Ia 4500003000500000005001700005008004100022020003000063040002400093082001200117100002100129245002700150260003900177300002300216500005800239521001000297322820251007110013.0210817s9999 xx 000 0 und d a9780440414803 (paperback) amplbengc3228erda aEF SACH a SACHAR, Louis  0aHoles /cLouis, Sachar aNew York:bA yearling Book,c1998. a233 pagesc19.5 cm a20th anniversary edition of holes with bonus material aAdult